Ordinary differential equations and stability theory; : an introduction /

Saved in:
Bibliographic Details
Main Author: Sanchez, David A.
Format: Book
Language:English
Published: San Francisco, : W. H. Freeman, [1968].
Series:A Series of books in mathematics
Golden Gate editions.
Subjects:
LEADER 01049nam a22002771 4500
001 c000143014
003 CARM
005 20110627154220.0
008 700901s1968 caua b 00010 eng
019 1 |a 21853520  |z 45897961  |z 700941  |z 65000871  |5 LACONCORD2021 
035 |a (OCoLC)438282  |5 LACONCORD2021 
040 |a VCAV  |c VCAV 
050 0 0 |a QA372  |b .S18 
100 1 |a Sanchez, David A. 
245 1 0 |a Ordinary differential equations and stability theory; :  |b an introduction /  |c [by] David A. Sanchez. 
260 |a San Francisco, :  |b W. H. Freeman,  |c [1968]. 
300 |a vi, 164 p. :  |b illus. ;  |c 21 cm. 
490 0 |a A Series of books in mathematics 
490 0 |a Golden Gate editions. 
504 |a Bibliography: p. [161]-162. 
650 0 |a Differential equations. 
650 0 |a Stability. 
852 8 |b CARM  |h A2:AF04B0  |i B01837  |p 0079841  |f BK 
082 0 4 |a 517/.38 
999 f f |i 4fca4813-415e-5e4c-90f9-f52c6d914a45  |s f5cb9822-c1ad-59df-a441-1afa46b0976c 
952 f f |p Can circulate  |a CAVAL  |b CAVAL  |c CAVAL  |d CARM 1 Store  |e B01837  |f A2:AF04B0  |h Other scheme  |i book  |m 0079841